000 01171nam a22001457a 4500
999 _c531377
_d531377
008 250822b ||||| |||| 00| 0 eng d
100 _aDesai, Renu
_956292
245 _aCircular migrant workers and housing in Indian cities: A view from Ahmedabad
260 _aVikalpa: The Journal for Decision Makers
300 _a50(2), Apr-Jun, 2025: p.166-180
520 _aThe paper examines the living spaces and related experiences of circular labour migrants in the construction sector in Ahmedabad; and interrogates the urban policy, planning and governance regimes as well as labour legislation and governance regimes shaping these. The paper also pays attention to migrants’ agency in shaping their housing in the city in the context of these regimes and their own multilocal lives. Their housing question is also situated in the context of the broader housing question of the urban poor which consists of a diversity of groups facing shared and differentiated exclusions and vulnerabilities in the city. - Reproduced
650 _aCircular labour migrants, housing, urban poor, urban policy
_956293
773 _0Vikalpa: The Journal for Decision Makers
942 _cAR